[Event "Girona-ch Seniors"]
[Site "Girona"]
[Date "2017.02.28"]
[Round "4.7"]
[White "Vinas Serra, Jaume"]
[Black "Burset Camps, Guillem"]
[Result "1-0"]
[WhiteElo "1828"]
[BlackElo "1632"]
[PlyCount "77"]
[EventDate "2017.02.07"]
[EventType "swiss"]
[EventRounds "6"]
[EventCountry "ESP"]
[SourceTitle "EXT 2024"]
[Source "ChessBase"]
[SourceDate "2023.10.10"]
[SourceVersion "1"]
[SourceVersionDate "2023.10.10"]
[SourceQuality "1"]

1. d4 e6 2. Nf3 d5 3. Bg5 Be7 4. Bxe7 Qxe7 5. c3 Nf6 6. Nbd2 Nbd7 7. e3 0-0 8. Bd3 b6 9. 0-0 Bb7 10. Qc2 Rac8 11. Rae1 c5 12. Qb1 h6 13. Ne5 Rc7 14. f4 Nxe5 15. fxe5 Ne8 16. Rf3 cxd4 17. exd4 Qg5 18. Qd1 f5 19. exf6 Rxf6 20. Rxf6 Qxf6 21. Rf1 Qg5 22. Qe2 Qe7 23. Nf3 Nf6 24. Ne5 Bc6 25. Ng6 Qd6 26. Ne5 Be8 27. Qf3 Qe7 28. h3 Nd7 29. Ng4 Qg5 30. Ne5 Nf6 31. Kh2 Rc8 32. Qe2 Nh5 33. Qf2 Qe7 34. g4 Nf6 35. Qh4 h5 36. g5 Nd7 37. Ng6 Qd6+ 38. Kg2 e5 39. Qxh5 1-0

[Event "Figueres op 12th"]
[Site "Figueres"]
[Date "2011.08.11"]
[Round "1"]
[White "Vinas Serra, Jaume"]
[Black "Alvarez Pedraza, Aramis"]
[Result "0-1"]
[WhiteElo "1860"]
[BlackElo "2551"]
[PlyCount "40"]
[EventDate "2011.08.11"]
[EventType "swiss"]
[EventRounds "9"]
[EventCountry "ESP"]
[SourceTitle "CBM 143 Extra"]
[Source "ChessBase"]
[SourceDate "2011.08.29"]
[SourceVersion "1"]
[SourceVersionDate "2011.08.29"]
[SourceQuality "1"]

1. d4 Nf6 2. Bg5 Ne4 3. Bh4 c5 4. dxc5 Qa5+ 5. Nd2 Nxd2 6. Qxd2 Qxc5 7. Nf3 Nc6 8. e3 g6 9. c3 Bg7 10. Be2 0-0 11. 0-0 d6 12. Nd4 Re8 13. Rfd1 Bd7 14. Qc2 Rac8 15. Rac1 Nxd4 16. exd4 Qa5 17. b3 Bh6 18. Ra1 Rxc3 19. Qe4 d5 20. Qb1 Bf5 0-1

[Event "Figueres op 10th"]
[Site "Figueres"]
[Date "2009.08.05"]
[Round "6"]
[White "Vinas Serra, Jaume"]
[Black "Yastrebova, Tatiana"]
[Result "0-1"]
[WhiteElo "1933"]
[BlackElo "2031"]
[PlyCount "46"]
[EventDate "2009.08.01"]
[EventType "swiss"]
[EventRounds "9"]
[EventCountry "ESP"]
[SourceTitle "EXT 2010"]
[Source "ChessBase"]
[SourceDate "2010.11.25"]
[SourceVersion "1"]
[SourceVersionDate "2010.11.25"]
[SourceQuality "1"]

1. d4 Nf6 2. Bg5 e6 3. e3 d5 4. Nd2 Be7 5. Bd3 Nbd7 6. f4 c5 7. c3 cxd4 8. exd4 Qc7 9. Nh3 h6 10. Bh4 Bd6 11. Bxf6 Nxf6 12. 0-0 0-0 13. Qe2 Bd7 14. Nf3 b5 15. Ne5 b4 16. Nxd7 Qxd7 17. f5 bxc3 18. bxc3 exf5 19. Rxf5 Rae8 20. Qd2 Ne4 21. Bxe4 dxe4 22. Rff1 e3 23. Qe1 Re7 0-1

[Event "Figueres op 10th"]
[Site "Figueres"]
[Date "2009.08.04"]
[Round "5"]
[White "Ghiani, Bruno"]
[Black "Vinas Serra, Jaume"]
[Result "1/2-1/2"]
[WhiteElo "2046"]
[BlackElo "1933"]
[PlyCount "84"]
[EventDate "2009.08.01"]
[EventType "swiss"]
[EventRounds "9"]
[EventCountry "ESP"]
[SourceTitle "EXT 2010"]
[Source "ChessBase"]
[SourceDate "2010.11.25"]
[SourceVersion "1"]
[SourceVersionDate "2010.11.25"]
[SourceQuality "1"]

1. Nf3 d5 2. d4 Bg4 3. Ne5 Bh5 4. c4 dxc4 5. Qa4+ Nd7 6. Qxd7+ Qxd7 7. Nxd7 Kxd7 8. Na3 e6 9. Nxc4 Bb4+ 10. Bd2 Bxd2+ 11. Nxd2 Nf6 12. e3 Rhd8 13. Be2 Bxe2 14. Kxe2 Ke7 15. f3 c6 16. Rhc1 Rd5 17. Nb3 Nd7 18. Rc2 Rb5 19. Rd1 a5 20. Nc5 Nxc5 21. dxc5 Rd8 22. Rxd8 Kxd8 23. Kd3 Ke7 24. a4 Rb4 25. b3 e5 26. Kc3 f5 27. g3 h5 28. Rd2 g5 29. Rd6 h4 30. Rg6 hxg3 31. hxg3 g4 32. f4 exf4 33. exf4 Kf7 34. Rd6 Ke7 35. Rd1 Re4 36. Kd3 Ke6 37. Rh1 Rb4 38. Re1+ Kf6 39. Kc3 Kf7 40. Re3 Kf6 41. Re5 Kg6 42. Re6+ Kf7 1/2-1/2

[Event "Figueres op 10th"]
[Site "Figueres"]
[Date "2009.08.02"]
[Round "2"]
[White "Colls Gelaberto, Emilio"]
[Black "Vinas Serra, Jaume"]
[Result "1-0"]
[WhiteElo "2215"]
[BlackElo "1933"]
[PlyCount "85"]
[EventDate "2009.08.01"]
[EventType "swiss"]
[EventRounds "9"]
[EventCountry "ESP"]
[SourceTitle "EXT 2010"]
[Source "ChessBase"]
[SourceDate "2010.11.25"]
[SourceVersion "1"]
[SourceVersionDate "2010.11.25"]
[SourceQuality "1"]

1. d4 c5 2. d5 e5 3. e4 d6 4. Nc3 Be7 5. Nf3 Nf6 6. h3 a6 7. a4 Nbd7 8. Nd2 0-0 9. a5 b5 10. axb6 Qxb6 11. Nc4 Qc7 12. Bd3 h6 13. 0-0 Nb6 14. Qe2 Nxc4 15. Bxc4 Qb7 16. Bd2 Nd7 17. Na4 Bd8 18. Ra3 Nb6 19. Nxb6 Bxb6 20. Rfa1 a5 21. b3 Qc7 22. Qe1 f5 23. f3 fxe4 24. fxe4 Qf7 25. Qg3 Kh7 26. Bxa5 Bxa5 27. Rxa5 Rxa5 28. Rxa5 Qc7 29. Ra1 Rf6 30. Rf1 Rg6 31. Qe3 Qe7 32. Kh2 Rf6 33. Rxf6 Qxf6 34. c3 g5 35. b4 cxb4 36. cxb4 Kg6 37. Bb5 h5 38. Be8+ Kh6 39. h4 Qf4+ 40. Qxf4 exf4 41. b5 gxh4 42. b6 Kg5 43. e5 1-0

[Event "Figueres op 10th"]
[Site "Figueres"]
[Date "2009.08.02"]
[Round "3"]
[White "Vinas Serra, Jaume"]
[Black "Vazquez Montreal, Enric"]
[Result "1-0"]
[WhiteElo "1933"]
[BlackElo "1692"]
[PlyCount "81"]
[EventDate "2009.08.01"]
[EventType "swiss"]
[EventRounds "9"]
[EventCountry "ESP"]
[SourceTitle "EXT 2010"]
[Source "ChessBase"]
[SourceDate "2010.11.25"]
[SourceVersion "1"]
[SourceVersionDate "2010.11.25"]
[SourceQuality "1"]

1. d4 e6 2. Nf3 d5 3. Bf4 c5 4. c3 Nc6 5. e3 Nf6 6. Nbd2 c4 7. Qc2 Bd6 8. Bg5 h6 9. Bxf6 Qxf6 10. e4 dxe4 11. Nxe4 Qe7 12. Bxc4 Bd7 13. 0-0 a6 14. Rfe1 b5 15. Bd3 Rc8 16. Qd2 0-0 17. Nxd6 Qxd6 18. Ne5 Kh8 19. Rad1 Ne7 20. Bb1 f5 21. Qf4 Qc7 22. Qh4 Be8 23. a3 Rf6 24. Re2 Rd8 25. Rde1 g5 26. Qg3 Qb6 27. Ba2 Bh5 28. f3 f4 29. Qf2 Nf5 30. Ng4 Bxg4 31. fxg4 Ne3 32. Rxe3 Re8 33. Re5 a5 34. Qf3 b4 35. axb4 axb4 36. Kh1 b3 37. Bb1 Rff8 38. Qe4 Qc7 39. Rxe6 Rxe6 40. Qxe6 Qg7 41. Bf5 1-0